Pequeño hombre, ¿y ahora qué? /

Spremljeno u:
Bibliografski detalji
Glavni autor: Fallada, Hans (autor)
Format: Knjiga
Jezik:španjolski
Izdano: Madrid, España : Maeva, 2009, c2009
Teme:
Oznake: Dodaj oznaku
Bez oznaka, Budi prvi tko označuje ovaj zapis!

MARC

LEADER 00000nam^a2200000^a^4500
001 000318163
005 20250521000000.0
009 20260310113405.129
020 |a 978-84-96748-86-6 
037 |a Acervo ITESO - Biblioteca 
041 |a ESP 
082 |a 833.  |b FAL 
100 |a Fallada, Hans  |e (autor) 
240 1 1 |a [Pequeño hombre, ¿y ahora qué?] 
245 1 0 |a Pequeño hombre, ¿y ahora qué? /  |c H. Fallada ; tr. por Rosa Pilar Blanco. 
264 4 |a Madrid, España :  |b Maeva,  |c 2009, c2009 
300 |a 351 p. 
336 |a texto  |b txt  |2 rdacontenido 
337 |a sin mediación  |b n  |2 rdamedio 
338 |a volumen  |b nc  |2 rdasoporte 
500 |a Traducción de: Kleiner Mann, was nun? 
649 |a XX 
650 |a Novela Alemana 
650 |a Literatura Alemana -  |y Siglo XX 
650 |a Amor en la Literatura 
650 |a Alemania -  |x Historia -  |y República de Weimar, 1919-1933 
910 |a Fondo General 
920 |a Impresos - Libros 
930 |a Colección General 
940 |a Literatura 
905 |a 101 
901 |a 0500205052  |b IT1  |c LIT  |i C130540  |u 20250521 
902 |a https://opac.biblio.iteso.mx/vufind/Record/000318163